RICS rating consultancy draft practice statement (Record no. 72773)
[ view plain ]
| 000 -LEADER | |
|---|---|
| fixed length control field | 01136cam a2200193 4500 |
| 001 - CONTROL NUMBER | |
| control field | WB3920-13 |
| 008 - FIXED-LENGTH DATA ELEMENTS--GENERAL INFORMATION | |
| fixed length control field | 030528n2003 000 0 eng u |
| 035 ## - SYSTEM CONTROL NUMBER | |
| System control number | (Sirsi) u122435 |
| 245 ## - TITLE STATEMENT | |
| Title | RICS rating consultancy draft practice statement |
| 260 ## - PUBLICATION, DISTRIBUTION, ETC. | |
| Date of publication, distribution, etc. | 2003 |
| 490 ## - SERIES STATEMENT | |
| Series statement | RICS Valuation Faculty News |
| Volume/sequential designation | 28 May 2003 (1) |
| 520 ## - SUMMARY, ETC. | |
| Summary, etc. | Rating surveyors and other practitioners are invited to comment on the draft RICS "Rating consultancy practice statement". The draft and a background briefing are available to download. The practice statement is designed to enhance standards and consumer protection in respect of rating consultancy services. Comments should be addressed by 4 July 2003 to David Melhuish, RICS Policy Unit, 12 Great George Street, London SW1P 3AD or to [email protected] . http://www.rics.org/ricscms/bin/show?class=News&template=/includes/shownews.html&id=5923&faculty=Valuation&faculty=All%20Faculties |
| 590 ## - LOCAL NOTE (RLIN) | |
| Local note | WB |
| 590 ## - LOCAL NOTE (RLIN) | |
| Local note | CONSUMER PROTECTION |
| 650 ## - SUBJECT ADDED ENTRY--TOPICAL TERM | |
| Topical term or geographic name entry element | RATING SURVEYORS |
| 650 ## - SUBJECT ADDED ENTRY--TOPICAL TERM | |
| Topical term or geographic name entry element | RATING CONSULTANCY SERVICES |
| 690 ## - LOCAL SUBJECT ADDED ENTRY--TOPICAL TERM (OCLC, RLIN) | |
| Topical term or geographic name as entry element | MANAGEMENT-BUSINESS MANAGEMENT-PROFESSIONAL PRACTICE |
| 942 ## - ADDED ENTRY ELEMENTS (KOHA) | |
| Suppress in OPAC | 0 |
| Withdrawn status | Lost status | Source of classification or shelving scheme | Damaged status | Not for loan | Home library | Current library | Shelving location | Date acquired | Total Checkouts | Full call number | Barcode | Date last seen | Copy number | Price effective from | Koha item type |
|---|---|---|---|---|---|---|---|---|---|---|---|---|---|---|---|
| Dewey Decimal Classification | London | London | News article | 28/05/2003 | WB3920-13 | 122435-1001 | 06/08/2019 | 1 | 06/08/2019 | News article |